000 00375nam a22001577a 4500
005 20200601112030.0
008 200601b xxu||||| |||| 00| 0 eng d
041 _aeng
082 _a340
100 _aBARE ACT
_95744
245 _aTHE INCOME TAX ACT 1961 (43-1961)
260 _aDELHI
_bPROFESIONAL BOOK PUBLISHERS
300 _a956;p
650 _aLAW
_95701
942 _cBK
999 _c6771
_d6769